000 00718nam a2200217Ia 4500
001 54918
008 140505s9999 xx 000 0 und d
020 _aNA
040 _cPK-LaUMT
082 _aMAL 333.794
_bFIF-
100 _aBowen, Arthur
245 _aAlternative energy sources V
_bMiami International Conference on alternative energy sources (5th: 1982 : Miami Beach, Fla.)
_cBowen, Arthur<>Brossarde, Emma<>Funk, James E.<>Harrenstien, Howard P.
260 _aFlorida,USA:
_bClean Energy Research Institute,
_c1982
300 _avar p.
546 _aEN
650 _aRenewable energy sources
700 _aBrossarde, Emma
700 _aFunk, James E.
700 _aHarrenstien, Howard P.
942 _cBK
999 _c52280
_d52280